Detalles MARC
| 000 -CABECERA |
| campo de control de longitud fija |
01374nam a2200229 a 4500 |
| 001 - NÚMERO DE CONTROL |
| campo de control |
000030860 |
| 005 - FECHA Y HORA DE LA ÚLTIMA TRANSACCIÓN |
| campo de control |
20240925085246.0 |
| 008 - DATOS DE LONGITUD FIJA--INFORMACIÓN GENERAL |
| campo de control de longitud fija |
110602t1941 dr 000 0dspa d |
| 040 ## - FUENTE DE LA CATALOGACIÓN |
| Centro catalogador/agencia de origen |
DO-SdBNP |
| Lengua de catalogación |
spa |
| Centro/agencia transcriptor |
BNPHU |
| 082 ## - NÚMERO DE LA CLASIFICACIÓN DECIMAL DEWEY |
| Número de clasificación |
972.93 |
| Número de documento/Ítem |
S913d |
| 049 ## - FONDOS LOCALES (OCLC) |
| Fondos de biblioteca |
BNPD |
| 100 1# - ENTRADA PRINCIPAL--NOMBRE DE PERSONA |
| Nombre de persona |
Strazzulla, José |
| 9 (RLIN) |
57395 |
| 245 10 - MENCIÓN DE TÍTULO |
| Título |
De Colón a Trujillo y otros ensayos / |
| Mención de responsabilidad, etc. |
José Strazzulla. |
| 260 ## - PUBLICACIÓN, DISTRIBUCIÓN, ETC. |
| Lugar de publicación, distribución, etc. |
Ciudad Trujillo, República Dominicana : |
| Nombre del editor, distribuidor, etc. |
[s.n.], |
| Fecha de publicación, distribución, etc. |
1941. |
| 300 ## - DESCRIPCIÓN FÍSICA |
| Extensión |
121 p. ; |
| Dimensiones |
21 cm. |
| 505 0# - NOTA DE CONTENIDO CON FORMATO |
| Nota de contenido con formato |
De Colón a Trujillo -- |
| Título |
La filosofía de Trujillo siempre -- |
| -- |
Trujillo y el Clero -- |
| -- |
La estética, factor primoridal de la soberanía nacional -- |
| -- |
Francisco Petrarca, poeta y crítico de arte -- |
| -- |
El valor de la persona -- |
| -- |
La meta eterna -- |
| -- |
Derecho y estética -- |
| -- |
La influencia del Cristianismo en la determinación de las relaciones entre moral y derecho -- |
| -- |
La tradición en el descubrimiento de los verdaderos restos de Cristóbal Colón. |
| 600 14 - PUNTO DE ACCESO ADICIONAL DE MATERIA--NOMBRE DE PERSONA |
| Nombre de persona |
COLÓN, CRISTÓBAL, |
| Fechas asociadas al nombre |
1451-1506 |
| Subdivisión general |
ENSAYOS, CONFERENCIAS, ETC. |
| 9 (RLIN) |
40401 |
| 600 10 - PUNTO DE ACCESO ADICIONAL DE MATERIA--NOMBRE DE PERSONA |
| Nombre de persona |
Trujillo Molina, Rafael Leónidas, |
| Fechas asociadas al nombre |
1891-1961 |
| Subdivisión general |
Ensayos, conferencias, etc. |
| 9 (RLIN) |
57396 |
| 651 #4 - PUNTO DE ACCESO ADICIONAL DE MATERIA--NOMBRE GEOGRÁFICO |
| Nombre geográfico |
República Dominicana |
| Subdivisión general |
Historia |
| Subdivisión cronológica |
ERA DE TRUJILLO, 1930-1961 |
| Subdivisión general |
Ensayos, Conferencias, Etc. |
| 9 (RLIN) |
30520 |
| 651 #0 - PUNTO DE ACCESO ADICIONAL DE MATERIA--NOMBRE GEOGRÁFICO |
| Nombre geográfico |
República Dominicana -- |
| Subdivisión general |
Historia -- |
| Subdivisión cronológica |
Descubrimiento y conquista, 1492-1503 |
| 9 (RLIN) |
255 |
| 910 ## - DATOS DE OPCIÓN DEL USUARIO (OCLC) |
| Datos de opción del usuario |
Validado. Control de calidad EMS. |